000
00346cam a2200169ua 4500
001
8449
008
130726n ii |||gr||||Z||||||eng
040
_a
MAIN
041
_a
English
082
_b
BHA
100
_a
Bhattacharyya,Dulal.
245
_a
Samabay
250
_a
1st.
260
_a
Dibrugarh:
_b
Banalata.
300
_a
188.
942
_c
BK
999
_c
8437
_d
8437